01444cam a22002531a 450000100060000000300080000600500170001400800410003103500190007203500120009104000290010304100080013208200220014024500830016226000510024530000340029650001350033050504570046565100620092270000340098494200120101899900170103095201430104727960BD-RjUL20211209051225.0140329s1968 ksuc 000 0 eng d a(BD-RjUL)28041 a2189845 aLCbengcLCdLCdBD-RjUL aeng00a320.973bISS 196800aIssues 1968 /cEdited by William W. Boyer. With a foreword by James A. McCain. aLawrence :bUniversity Press of Kansas,c1968. avii, 139 p. :bill. ;c23 cm. aEssays based on the Alfred M. Landon lectures in public issues and a selection of convocation lectures at Kansas State University.0 aThe age of acceleration, by N. Cousins.--What kind of a country do you want America to be? by J. W. Fulbright.--Conflict in Vietnam and at home, by R. F. Kennedy.--The future of integration, by M. L. King, Jr.--New challenges in international relations, by A. M. Landon.--The emerging South: politics and issues, by R. McGill.--Higher education: its role in contemporary America, by R. Reagan.--The challenge of international development, by G. Romney. 0aUnited StatesxPolitics and governmenty1963-1969.9219161 aBoyer, William W,eed.985758 2ddccBK c27960d27960 00102ddc40728NFICaRUCLbRUCLcReadingd1969-09-29eAsia Fundation Giftl0o320.973 ISS 1968r2014-03-29 00:00:00tC-1w2014-03-29yBK